Kalyanis ugc net slet jrf and lecturship commerce (Record no. 496)
[ view plain ]
| 000 -LEADER | |
|---|---|
| fixed length control field | 00546nam a22002297a 4500 |
| 008 - FIXED-LENGTH DATA ELEMENTS--GENERAL INFORMATION | |
| fixed length control field | 161003b xxu||||| |||| 00| 0 eng d |
| 020 ## - INTERNATIONAL STANDARD BOOK NUMBER | |
| International Standard Book Number | 8127213128 |
| 082 ## - DEWEY DECIMAL CLASSIFICATION NUMBER | |
| Edition number | 23 |
| Classification number | 380 |
| Item number | KRI |
| 100 ## - MAIN ENTRY--PERSONAL NAME | |
| Personal name | Krishan,Bal |
| 245 ## - TITLE STATEMENT | |
| Title | Kalyanis ugc net slet jrf and lecturship commerce |
| 250 ## - EDITION STATEMENT | |
| Edition statement | 1st ed. |
| 260 ## - PUBLICATION, DISTRIBUTION, ETC. (IMPRINT) | |
| Place of publication, distribution, etc. | New Delhi |
| Name of publisher, distributor, etc. | Kalyani Publishers |
| Date of publication, distribution, etc. | 2004 |
| 300 ## - PHYSICAL DESCRIPTION | |
| Extent | 286p. |
| Dimensions | 24cm. |
| 650 ## - SUBJECT ADDED ENTRY--TOPICAL TERM | |
| Source of heading or term | Commerce |
| 653 ## - INDEX TERM--UNCONTROLLED | |
| Uncontrolled term | NET |
| 653 ## - INDEX TERM--UNCONTROLLED | |
| Uncontrolled term | SET |
| 653 ## - INDEX TERM--UNCONTROLLED | |
| Uncontrolled term | SLET |
| 653 ## - INDEX TERM--UNCONTROLLED | |
| Uncontrolled term | UGC |
| 700 ## - ADDED ENTRY--PERSONAL NAME | |
| Personal name | Gupta,Des Raj |
| 710 ## - ADDED ENTRY--CORPORATE NAME | |
| Corporate name or jurisdiction name as entry element | Narta, S S |
| 942 ## - ADDED ENTRY ELEMENTS (KOHA) | |
| Source of classification or shelving scheme | |
| Koha item type | Books |
| Withdrawn status | Lost status | Source of classification or shelving scheme | Materials specified (bound volume or other part) | Damaged status | Not for loan | Collection code | Permanent location | Current location | Shelving location | Date acquired | Coded location qualifier | Cost, normal purchase price | Full call number | Barcode | Date last seen | Uniform Resource Identifier | Price effective from | Koha item type | Cost, replacement price |
|---|---|---|---|---|---|---|---|---|---|---|---|---|---|---|---|---|---|---|---|
| PB | Not For Loan | Reference Section | Maulana Azad Central Library | Maulana Azad Central Library | General Stacks | 2016-10-03 | NET | 200.00 | 380 KRI | 8354 | 2016-10-03 | http://kalyanipublishers.co.in/ | 2016-10-03 | Books | |||||
| PB | Not For Loan | Reference Section | Maulana Azad Central Library | Maulana Azad Central Library | General Stacks | 2016-10-03 | NET | 200.00 | 380 KRI | 8355 | 2016-10-03 | http://kalyanipublishers.co.in/ | 2016-10-03 | Books | |||||
| PB | Not For Loan | Reference Section | Maulana Azad Central Library | Maulana Azad Central Library | General Stacks | 2016-10-03 | NET | 200.00 | 380 KRI | 8356 | 2016-10-03 | http://kalyanipublishers.co.in/ | 2016-10-03 | Books | |||||
| PB | Not For Loan | Reference Section | Maulana Azad Central Library | Maulana Azad Central Library | General Stacks | 2016-10-03 | NET | 200.00 | 380 KRI | 8357 | 2016-10-03 | http://kalyanipublishers.co.in/ | 2016-10-03 | Books | |||||
| PB | Not For Loan | Reference Section | Maulana Azad Central Library | Maulana Azad Central Library | General Stacks | 2016-10-03 | NET | 200.00 | 380 KRI | 8358 | 2016-10-03 | http://kalyanipublishers.co.in/ | 2016-10-03 | Books | |||||
| PB | Reference Section | Maulana Azad Central Library | Maulana Azad Central Library | General Stacks | 2016-11-08 | NET | 200.00 | 380 KRI | 9010 | 2016-11-08 | 2016-11-08 | Books | 200.00 |